« Retourner aux résultats de recherche
Réaliser des vidéos avec un smartphone
| Auteur principal: | Laurent Clause |
|---|---|
| D'autres auteurs: | Patrick Thierry |
| Support: | Livres |
| Langue: | Francais |
| Publié: |
2021 SQR Books Court-Saint-Etienne (Belgique) |
| Genre: |
Documentaire |
| Collection: |
Les moocies |
| Sujets: | |
| Étiquettes: |
Ajouter
Pas de Tags !
|
| LEADER | 01028nam0a2200217 450 | ||
|---|---|---|---|
| 001 | 16842136 | ||
| 010 | |a 978-2-9602169-1-2 |b br. |d 19,5 | ||
| 100 | |a 20210422d2021 u u0frey01 ba | ||
| 101 | 0 | |a fre | |
| 102 | |a BE | ||
| 200 | 0 | |a Réaliser des vidéos avec un smartphone |f Laurent Clause, Patrick Thierry | |
| 207 | 1 | |a | |
| 210 | |a Court-Saint-Etienne (Belgique) |c SQR Books |d 2021 | ||
| 215 | |a 1 vol. (130 p.) |c illustrations en noir et en couleur |d 21 x 15 cm | ||
| 225 | 1 | |a Les moocies | |
| 330 | |a Un guide proposant des conseils afin de réaliser des vidéos avec un smartphone, de maîtriser les différentes applications et techniques de cadrage, de composition, de lumière et de prise de son. Un chapitre explique également les principes de la narration audiovisuelle et du montage. | ||
| 700 | 0 | |a Clause |b Laurent |4 70 | |
| 701 | 0 | |a Thierry |b Patrick |4 70 | |
| 900 | |a Documentaire | ||
| 901 | |a Accessible au prêt | ||
| 995 | |a Bibliothèque |c Bibliothèque |f 00156012315883 |h 00156012315883 |k 771 CLA |o p |q a |r az |e Bibliothèque | ||
